000 01113cam a2200313 i 4500
001 17848241
005 20240513201742.0
008 130812t20142014vaua b 001 0 eng
010 _a 2013032422
020 _a9780784412886 (paper)
020 _a078441288X (paper)
020 _z9780784478004 (PDF)
040 _aDLC
_beng
_cDLC
_erda
_dDLC
042 _apcc
082 0 0 _a624.15136
_bHUA
100 1 _aHuang, Yang H.
_q(Yang Hsien),
_d1927-
_9122623
245 1 0 _aSlope stability analysis by the limit equilibrium method /
_cYang H. Huang, Sc.D., P.E.
264 1 _aReston, Virginia. :
_bASCE Press,
_c[2014]
264 4 _c©2014
300 _axi, 364 pages :
_billustrations ;
_c25 cm
336 _atext
_2rdacontent
337 _aunmediated
_2rdamedia
338 _avolume
_2rdacarrier
504 _aIncludes bibliographical references (pages 347-354) and index.
650 0 _aSlopes (Soil mechanics)
_937705
906 _a7
_bcbc
_corignew
_d1
_eecip
_f20
_gy-gencatlg
942 _2ddc
_cBK
999 _c609081
_d609081